[Event "I Sunway Sitges International Chess Festival - Group A"]
[Site "Sitges (Barcelona)"]
[Date "2014.12.14"]
[Round "1.1"]
[White "Baklan, Vladimir"]
[Black "Koksal, Ege"]
[Result "1/2-1/2"]
[WhiteElo "2655"]
[BlackElo "2328"]
[PlyCount "0"]
[EventDate "2014.12.14"]

1. e4 { [%clk 1:30] } e5 { [%clk 1:30] } 2. Nf3 { [%clk 1:31] } Nc6 { [%clk
1:31] } 3. Bb5 { [%clk 1:31] } a6 { [%clk 1:31] } 4. Ba4 { [%clk 1:32] } Nf6 {
[%clk 1:31] } 5. O-O { [%clk 1:31] } Be7 { [%clk 1:32] } 6. Bb3 { [%clk 1:31]
} b5 { [%clk 1:32] } 7. d3 { [%clk 1:31] } d6 { [%clk 1:32] } 8. a3 { [%clk
1:30] } O-O { [%clk 1:30] } 9. Nc3 { [%clk 1:30] } Rb8 { [%clk 1:21] } 10. h3
{ [%clk 1:30] } Na5 { [%clk 1:21] } 11. Ba2 { [%clk 1:31] } c5 { [%clk 1:21] }
12. Nd5 { [%clk 1:28] } Be6 { [%clk 0:44] } 13. b4 { [%clk 1:24] } Nc6 { [%clk
0:44] } 14. Ng5 { [%clk 1:13] } Bd7 { [%clk 0:42] } 15. Nxf6+ { [%clk 1:12] }
Bxf6 { [%clk 0:33] } 16. Qh5 { [%clk 1:13] } Bxg5 { [%clk 0:33] } 17. Bxg5 {
[%clk 1:13] } Qe8 { [%clk 0:32] } 18. f4 { [%clk 1:11] } Kh8 { [%clk 0:27] }
19. fxe5 { [%clk 1:11] } Qxe5 { [%clk 0:25] } 20. Bxf7 { [%clk 1:04] } Be8 {
[%clk 0:19.33] } 21. Bxe8 { [%clk 0:44] } Rbxe8 { [%clk 0:19.43] } 22. Qg4 {
[%clk 0:44] } cxb4 { [%clk 0:19.49] } 23. axb4 { [%clk 0:27] } Nxb4 { [%clk
0:19.29] } 24. Bf4 { [%clk 0:26] } Qd4+ { [%clk 0:18.39] } 25. Kh2 { [%clk
0:26] } Nxc2 { [%clk 0:13.48] } 26. Rxa6 { [%clk 0:26] } Qxd3 { [%clk 0:10.26]
} 27. Ra7 { [%clk 0:24] } Rg8 { [%clk 0:05.21] } 28. Rf3 { [%clk 0:12.02] }
Qxe4 { [%clk 0:05.08] } 29. Bxd6 { [%clk 0:12.23] } Qxg4 { [%clk 0:04.51] } 30.
hxg4 { [%clk 0:12.50] } Ne3 { [%clk 0:03.33] } 31. Kh3 { [%clk 0:12.11] } Nc4
{ [%clk 0:03.32] } 32. Bb4 { [%clk 0:11.17] } Ra8 { [%clk 0:01.56] } 33. Rb7 {
[%clk 0:11.04] } Rab8 { [%clk 0:01.51] } 34. Rff7 { [%clk 0:11.17] } Rxb7 {
[%clk 0:01.33] } 35. Rxb7 { [%clk 0:11.38] } h6 { [%clk 0:01.11] } 36. g5 {
[%clk 0:08.01] } Kh7 { [%clk 0:00.53] } 37. Rxb5 { [%clk 0:06.03] } Re8 {
[%clk 0:00.50] } 38. gxh6 { [%clk 0:05.53] } Kxh6 { [%clk 0:00.59] } 39. Rc5 {
[%clk 0:05.33] } Re4 { [%clk 0:01.00] } 40. Rc6+ { [%clk 0:04.53] } Kh7 {
[%clk 0:01.02] } 41. Rc7 { [%clk 0:05.06] } Ne5 { [%clk 0:00.49] } 42. Bf8 {
[%clk 0:04.47] } Rg4 { [%clk 0:00.39] } 43. Re7 { [%clk 0:03.10] } Rg5 { [%clk
0:00.43] } 44. Bxg7 { [%clk 0:02.58] } Rh5+ { [%clk 0:00.45] } 45. Kg3 { [%clk
0:03.22] } Rg5+ { [%clk 0:01.10] } 46. Kf4 { [%clk 0:03.30] } Ng6+ { [%clk
0:01.16] } 47. Kxg5 { [%clk 0:03.17] } Nxe7 { [%clk 0:01.46] } 48. Bd4 { [%clk
0:04.01] } Kg8 { [%clk 0:01.51] } 49. Bc5 { [%clk 0:04.05] } Nd5 { [%clk
0:02.13] } 50. g4 { [%clk 0:04.32] } Nc7 { [%clk 0:01.30] } 51. Kf5 { [%clk
0:04.56] } Ne8 { [%clk 0:01.20] } 52. Kg6 { [%clk 0:05.11] } Ng7 { [%clk
0:01.34] } 53. Kf6 { [%clk 0:05.37] } Ne8+ { [%clk 0:01.37] } 54. Ke7 { [%clk
0:06.01] } Nc7 { [%clk 0:02.06] } 55. Bd4 { [%clk 0:06.05] } Nd5+ { [%clk
0:02.12] } 56. Ke6 { [%clk 0:06.30] } Nc7+ { [%clk 0:02.12] } 57. Kd6 { [%clk
0:05.20] } Nb5+ { [%clk 0:02.11] } 58. Kd5 { [%clk 0:05.45] } Nxd4 { [%clk
0:01.12] } 59. Kxd4 { [%clk 0:06.11] } Kg7 { [%clk 0:01.41] } 60. Ke5 { [%clk
0:06.32] } Kg6 { [%clk 0:02.07] } 61. Kf4 1/2-1/2

[Event "I Sunway Sitges International Chess Festival - Group A"]
[Site "Sitges (Barcelona)"]
[Date "2014.12.14"]
[Round "1.2"]
[White "Pogorelov, Ruslan"]
[Black "Romanov, Evgeny"]
[Result "0-1"]
[WhiteElo "2326"]
[BlackElo "2638"]
[PlyCount "0"]
[EventDate "2014.12.14"]

1. Nf3 { [%clk 1:13] } g6 { [%clk 1:30] } 2. c4 { [%clk 1:13] } Bg7 { [%clk
1:31] } 3. d4 { [%clk 1:13] } d6 { [%clk 1:31] } 4. Nc3 { [%clk 1:13] } Bg4 {
[%clk 1:31] } 5. e3 { [%clk 1:13] } Nf6 { [%clk 1:31] } 6. Be2 { [%clk 1:13] }
O-O { [%clk 1:31] } 7. h3 { [%clk 1:03] } Bf5 { [%clk 1:31] } 8. g4 { [%clk
1:02] } Bd7 { [%clk 1:30] } 9. e4 { [%clk 1:02] } c5 { [%clk 1:30] } 10. d5 {
[%clk 1:03] } b5 { [%clk 1:28] } 11. cxb5 { [%clk 1:02] } a6 { [%clk 1:29] }
12. bxa6 { [%clk 1:00] } Nxa6 { [%clk 1:29] } 13. Bf4 { [%clk 0:56] } Qb6 {
[%clk 1:27] } 14. Rb1 { [%clk 0:53] } Nc7 { [%clk 1:24] } 15. Nd2 { [%clk
0:31] } Nb5 { [%clk 1:18] } 16. O-O { [%clk 0:13.39] } Nd4 { [%clk 1:12] } 17.
Bd3 { [%clk 0:13.39] } Ne8 { [%clk 1:09] } 18. Nc4 { [%clk 0:13.34] } Qb7 {
[%clk 1:08] } 19. e5 { [%clk 0:09.33] } dxe5 { [%clk 1:07] } 20. Nxe5 { [%clk
0:08.08] } Nf6 { [%clk 1:06] } 21. Nxd7 { [%clk 0:06.04] } Qxd7 { [%clk 1:04]
} 22. Bc4 { [%clk 0:06.20] } e6 { [%clk 1:02] } 23. dxe6 { [%clk 0:01.37] }
fxe6 { [%clk 1:02] } 24. Bg3 { [%clk 0:01.15] } Qc6 { [%clk 1:01] } 25. Be2 {
[%clk 0:00.48] } Rad8 { [%clk 0:56] } 26. Qd3 { [%clk 0:00.43] } Nd5 { [%clk
0:53] } 27. Nxd5 { [%clk 0:00.49] } Qxd5 { [%clk 0:53] } 28. Qe3 { [%clk
0:00.36] } Qxa2 { [%clk 0:50] } 29. Rfd1 { [%clk 0:00.36] } Rd7 { [%clk 0:47]
} 30. Kg2 { [%clk 0:00.47] } Rb7 { [%clk 0:46] } 31. Bd3 { [%clk 0:00.58] } Rb3
{ [%clk 0:41] } 32. Qe4 { [%clk 0:00.59] } c4 { [%clk 0:31] } 33. Bf1 { [%clk
0:01.25] } Rxg3+ { [%clk 0:31] } 34. Kxg3 { [%clk 0:01.11] } c3 { [%clk 0:32]
} 35. Ra1 { [%clk 0:00.31] } Qxb2 { [%clk 0:30] } 36. f4 { [%clk 0:00.43] } c2
{ [%clk 0:24] } 37. Re1 { [%clk 0:01.04] } Nb3 { [%clk 0:18.35] } 38. Ra8 {
[%clk 0:01.03] } Qc3+ { [%clk 0:17.03] } 39. Kh4 { [%clk 0:01.03] } Nc5 {
[%clk 0:15.13] } 40. Rxf8+ { [%clk 0:00.58] } Bxf8 { [%clk 0:15.25] } 41. Qe2
{ [%clk 0:00.56] } c1=R 0-1

[Event "I Sunway Sitges International Chess Festival - Group A"]
[Site "Sitges (Barcelona)"]
[Date "2014.12.14"]
[Round "1.3"]
[White "Peralta, Fernando"]
[Black "Sorm, Daniel"]
[Result "1-0"]
[WhiteElo "2582"]
[BlackElo "2319"]
[PlyCount "0"]
[EventDate "2014.12.14"]

1. d4 { [%clk 1:30] } d5 { [%clk 1:30] } 2. c4 { [%clk 1:31] } c6 { [%clk
1:31] } 3. Nf3 { [%clk 1:31] } e6 { [%clk 1:31] } 4. Nc3 { [%clk 1:29] } dxc4
{ [%clk 1:31] } 5. a4 { [%clk 1:29] } Bb4 { [%clk 1:31] } 6. e3 { [%clk 1:29]
} b5 { [%clk 1:31] } 7. Bd2 { [%clk 1:29] } a5 { [%clk 1:31] } 8. axb5 { [%clk
1:29] } Bxc3 { [%clk 1:31] } 9. Bxc3 { [%clk 1:29] } cxb5 { [%clk 1:32] } 10.
b3 { [%clk 1:30] } Bb7 { [%clk 1:32] } 11. bxc4 { [%clk 1:30] } b4 { [%clk
1:32] } 12. Bb2 { [%clk 1:30] } Nf6 { [%clk 1:32] } 13. c5 { [%clk 1:22] } O-O
{ [%clk 1:26] } 14. Bb5 { [%clk 1:21] } Qc7 { [%clk 1:15] } 15. Ne5 { [%clk
1:08] } Bxg2 { [%clk 1:03] } 16. Rg1 { [%clk 1:08] } Be4 { [%clk 1:01] } 17. d5
{ [%clk 0:44] } Qxc5 { [%clk 0:38] } 18. dxe6 { [%clk 0:10.02] } fxe6 { [%clk
0:15.27] } 19. Ng4 { [%clk 0:04.25] } Nxg4 { [%clk 0:07.44] } 20. Qxg4 { [%clk
0:04.24] } Bg6 { [%clk 0:08.08] } 21. Qxe6+ { [%clk 0:01.34] } Kh8 { [%clk
0:08.36] } 22. Rc1 { [%clk 0:00.35] } Qa7 { [%clk 0:01.29] } 23. Rxg6 { [%clk
0:00.41] } hxg6 { [%clk 0:01.42] } 24. Qh3+ { [%clk 0:00.45] } Kg8 { [%clk
0:02.10] } 25. Bc4+ { [%clk 0:01.06] } Rf7 { [%clk 0:02.28] } 26. Qc8+ { [%clk
0:01.25] } Kh7 { [%clk 0:02.56] } 27. Qh3+ { [%clk 0:01.51] } Kg8 { [%clk
0:03.22] } 28. Bxf7+ { [%clk 0:00.40] } Kxf7 { [%clk 0:03.40] } 29. Qh7 {
[%clk 0:00.49] } Nd7 { [%clk 0:01.04] } 30. Qxg7+ { [%clk 0:01.15] } Ke8 {
[%clk 0:01.07] } 31. Qxg6+ { [%clk 0:01.37] } Ke7 { [%clk 0:01.10] } 32. Qe4+
{ [%clk 0:01.07] } Kf7 { [%clk 0:00.57] } 33. Bd4 { [%clk 0:00.39] } Qb8 {
[%clk 0:00.38] } 34. Qh7+ { [%clk 0:00.36] } Ke8 { [%clk 0:00.31] } 35. Rc6 {
[%clk 0:00.39] } Nf8 { [%clk 0:00.35] } 36. Qe4+ { [%clk 0:00.52] } Kd7 {
[%clk 0:00.40] } 37. Rb6 { [%clk 0:00.44] } Qxh2 { [%clk 0:00.35] } 38. Qxa8 {
[%clk 0:00.32] } Qh1+ { [%clk 0:00.33] } 39. Qxh1 1-0

[Event "I Sunway Sitges International Chess Festival - Group A"]
[Site "Sitges (Barcelona)"]
[Date "2014.12.14"]
[Round "1.4"]
[White "De Rover, Yong Hoon"]
[Black "Maze, Sebastien"]
[Result "0-1"]
[WhiteElo "2315"]
[BlackElo "2564"]
[PlyCount "0"]
[EventDate "2014.12.14"]

1. e4 { [%clk 1:30] } c5 { [%clk 1:30] } 2. Nf3 { [%clk 1:30] } Nc6 { [%clk
1:31] } 3. d4 { [%clk 1:31] } cxd4 { [%clk 1:31] } 4. Nxd4 { [%clk 1:31] } g6
{ [%clk 1:32] } 5. Nc3 { [%clk 1:30] } Bg7 { [%clk 1:32] } 6. Be3 { [%clk
1:30] } Nf6 { [%clk 1:33] } 7. Bc4 { [%clk 1:29] } Qa5 { [%clk 1:33] } 8. O-O
{ [%clk 1:28] } O-O { [%clk 1:34] } 9. Bb3 { [%clk 1:26] } d6 { [%clk 1:34] }
10. h3 { [%clk 1:26] } Bd7 { [%clk 1:34] } 11. Qe2 { [%clk 1:25] } Nxe4 {
[%clk 1:25] } 12. Nxc6 { [%clk 1:12] } Bxc6 { [%clk 1:26] } 13. Nxe4 { [%clk
1:11] } Bxe4 { [%clk 1:26] } 14. Bd2 { [%clk 1:09] } Qf5 { [%clk 1:27] } 15.
Rfe1 { [%clk 1:07] } Bc6 { [%clk 1:25] } 16. Qxe7 { [%clk 1:02] } Bxb2 { [%clk
1:25] } 17. Rad1 { [%clk 1:00] } Be5 { [%clk 1:16] } 18. f4 { [%clk 0:59] }
Rae8 { [%clk 0:53] } 19. Qh4 { [%clk 0:58] } Bd4+ { [%clk 0:54] } 20. Kh2 {
[%clk 0:58] } Qc5 { [%clk 0:49] } 21. Qg4 { [%clk 0:53] } Rxe1 { [%clk 0:46] }
22. Bxe1 { [%clk 0:47] } Re8 { [%clk 0:46] } 23. f5 { [%clk 0:47] } Re4 0-1

[Event "I Sunway Sitges International Chess Festival - Group A"]
[Site "Sitges (Barcelona)"]
[Date "2014.12.14"]
[Round "1.5"]
[White "Ibragimov, Ildar"]
[Black "Vaarala, Eric"]
[Result "1/2-1/2"]
[WhiteElo "2548"]
[BlackElo "2281"]
[PlyCount "0"]
[EventDate "2014.12.14"]

1. d4 { [%clk 1:30] } Nf6 { [%clk 1:30] } 2. c4 { [%clk 1:31] } e6 { [%clk
1:30] } 3. Nc3 { [%clk 1:31] } d5 { [%clk 1:30] } 4. cxd5 { [%clk 1:31] } exd5
{ [%clk 1:30] } 5. Bg5 { [%clk 1:31] } Be7 { [%clk 1:30] } 6. e3 { [%clk 1:32]
} O-O { [%clk 1:29] } 7. Bd3 { [%clk 1:32] } Re8 { [%clk 1:29] } 8. Qc2 {
[%clk 1:27] } h6 { [%clk 1:27] } 9. Bf4 { [%clk 1:26] } c6 { [%clk 1:19] } 10.
h3 { [%clk 1:23] } Nbd7 { [%clk 1:15] } 11. Nf3 { [%clk 1:22] } Bb4 { [%clk
1:10] } 12. O-O { [%clk 1:22] } Bxc3 { [%clk 1:09] } 13. bxc3 { [%clk 1:22] }
c5 { [%clk 1:09] } 14. c4 { [%clk 1:19] } cxd4 { [%clk 1:07] } 15. Nxd4 {
[%clk 1:18] } Nc5 { [%clk 1:00] } 16. Be2 { [%clk 1:13] } Ne6 { [%clk 0:52] }
17. Be5 { [%clk 1:13] } Nxd4 { [%clk 0:50] } 18. Bxd4 { [%clk 1:14] } Be6 {
[%clk 0:49] } 19. c5 { [%clk 1:13] } Qe7 { [%clk 0:46] } 20. Qb2 { [%clk 1:13]
} Ne4 { [%clk 0:38] } 21. Bxg7 { [%clk 1:09] } Qg5 { [%clk 0:39] } 22. Bd4 {
[%clk 1:10] } Bxh3 { [%clk 0:36] } 23. Bf3 { [%clk 1:10] } b6 { [%clk 0:18.38]
} 24. cxb6 { [%clk 0:58] } axb6 { [%clk 0:18.56] } 25. Rac1 { [%clk 0:57] } Re6
{ [%clk 0:15.44] } 26. Bxe4 { [%clk 0:57] } dxe4 { [%clk 0:14.21] } 27. f4 {
[%clk 0:57] } exf3 { [%clk 0:14.44] } 28. Rxf3 { [%clk 0:58] } Bg4 { [%clk
0:13.50] } 29. Rf4 { [%clk 0:58] } Rg6 { [%clk 0:13.24] } 30. Rc2 { [%clk
0:49] } Qa5 { [%clk 0:10.44] } 31. Qc1 { [%clk 0:43] } Be6 { [%clk 0:10.01] }
32. Qf1 { [%clk 0:43] } Qd5 { [%clk 0:09.13] } 33. Rf6 { [%clk 0:41] } Qe4 {
[%clk 0:08.46] } 34. Rb2 { [%clk 0:26] } Rxa2 { [%clk 0:07.15] } 35. Rxg6+ {
[%clk 0:17.52] } Qxg6 { [%clk 0:07.38] } 36. Qb5 { [%clk 0:15.02] } Kh7 {
[%clk 0:05.11] } 37. Rxa2 { [%clk 0:07.51] } Bxa2 { [%clk 0:05.30] } 38. Qe5 {
[%clk 0:08.07] } Qg8 { [%clk 0:04.27] } 39. Qe4+ { [%clk 0:07.50] } Qg6 {
[%clk 0:04.51] } 40. Qa8 { [%clk 0:08.12] } Qe6 { [%clk 0:05.13] } 41. e4 {
[%clk 0:07.11] } f6 { [%clk 0:04.49] } 42. Qa7+ 1/2-1/2

[Event "I Sunway Sitges International Chess Festival - Group A"]
[Site "Sitges (Barcelona)"]
[Date "2014.12.14"]
[Round "1.6"]
[White "Rodriguez Lopez, Rafael"]
[Black "Aroshidze, Levan"]
[Result "1/2-1/2"]
[WhiteElo "2277"]
[BlackElo "2537"]
[PlyCount "0"]
[EventDate "2014.12.14"]

1. e4 { [%clk 1:30] } c5 { [%clk 1:30] } 2. Nf3 { [%clk 1:31] } e6 { [%clk
1:31] } 3. d4 { [%clk 1:31] } cxd4 { [%clk 1:31] } 4. Nxd4 { [%clk 1:32] } Nc6
{ [%clk 1:31] } 5. Nc3 { [%clk 1:32] } Qc7 { [%clk 1:32] } 6. Be3 { [%clk
1:32] } a6 { [%clk 1:32] } 7. Qd2 { [%clk 1:33] } Nf6 { [%clk 1:32] } 8. O-O-O
{ [%clk 1:33] } Bb4 { [%clk 1:32] } 9. f3 { [%clk 1:33] } Ne5 { [%clk 1:33] }
10. Nb3 { [%clk 1:33] } b5 { [%clk 1:33] } 11. Qe1 { [%clk 1:34] } Rb8 { [%clk
1:32] } 12. Qg3 { [%clk 1:34] } O-O { [%clk 1:32] } 13. Bd4 { [%clk 1:34] } Bd6
{ [%clk 1:32] } 14. f4 { [%clk 1:34] } Nh5 { [%clk 1:33] } 15. fxe5 { [%clk
1:35] } Nxg3 { [%clk 1:33] } 16. exd6 { [%clk 1:35] } Qxd6 { [%clk 1:34] } 17.
hxg3 { [%clk 1:35] } Qxg3 { [%clk 1:34] } 18. Rh3 { [%clk 1:36] } Qg5+ { [%clk
1:34] } 19. Be3 { [%clk 1:36] } Qg6 { [%clk 1:33] } 20. Bf4 { [%clk 1:36] } Bb7
{ [%clk 1:33] } 21. Rg3 { [%clk 1:31] } Qf6 { [%clk 1:28] } 22. Rf3 { [%clk
1:20] } e5 { [%clk 0:59] } 23. Be3 { [%clk 1:20] } Qg6 { [%clk 0:59] } 24. Nc5
{ [%clk 1:18] } d6 { [%clk 0:50] } 25. Nd7 { [%clk 1:18] } Bxe4 { [%clk 0:40]
} 26. Nxe4 { [%clk 1:16] } Qxe4 { [%clk 0:41] } 27. Nxb8 { [%clk 1:16] } Rxb8
{ [%clk 0:40] } 28. Rxd6 { [%clk 1:16] } Rc8 { [%clk 0:35] } 29. Rd2 { [%clk
1:14] } g6 { [%clk 0:34] } 30. Bf2 { [%clk 1:09] } h5 { [%clk 0:29] } 31. Re3
{ [%clk 0:59] } Qf5 { [%clk 0:28] } 32. Bd3 { [%clk 0:57] } Qe6 { [%clk 0:27]
} 33. Kb1 { [%clk 0:56] } f5 { [%clk 0:26] } 34. c3 { [%clk 0:56] } Kh7 {
[%clk 0:22] } 35. Bc2 { [%clk 0:56] } Rc6 { [%clk 0:21] } 36. Re1 { [%clk
0:56] } Rd6 { [%clk 0:18.36] } 37. Bd4 { [%clk 0:53] } e4 { [%clk 0:18.33] }
38. g3 { [%clk 0:53] } Rd7 { [%clk 0:14.23] } 39. Red1 { [%clk 0:52] } g5 {
[%clk 0:11.34] } 40. Bb3 { [%clk 0:48] } Qg6 { [%clk 0:05.40] } 41. Be5 {
[%clk 0:46] } Rxd2 { [%clk 0:05.48] } 42. Rxd2 { [%clk 0:46] } Qe8 { [%clk
0:05.06] } 43. Rd5 { [%clk 0:44] } h4 { [%clk 0:02.19] } 44. gxh4 { [%clk
0:43] } gxh4 { [%clk 0:02.19] } 45. Kc1 { [%clk 0:41] } h3 { [%clk 0:02.44] }
46. Bf4 { [%clk 0:40] } Qc8 { [%clk 0:00.35] } 47. Rd6 { [%clk 0:36] } Qc5 {
[%clk 0:00.37] } 48. Rh6+ { [%clk 0:35] } Kg7 { [%clk 0:01.06] } 49. Rxh3 {
[%clk 0:35] } Qg1+ { [%clk 0:01.16] } 50. Bd1 { [%clk 0:36] } Qf1 { [%clk
0:01.35] } 51. Rg3+ { [%clk 0:34] } Kf6 { [%clk 0:01.10] } 52. Be3 { [%clk
0:34] } Ke5 { [%clk 0:00.35] } 53. Rg1 { [%clk 0:34] } Qh3 { [%clk 0:00.43] }
54. Bd4+ { [%clk 0:34] } Kf4 { [%clk 0:00.41] } 55. Be2 { [%clk 0:32] } Qh7 {
[%clk 0:00.35] } 56. Kd2 { [%clk 0:30] } Qf7 { [%clk 0:00.38] } 57. b3 { [%clk
0:30] } Qe7 { [%clk 0:01.00] } 58. Rf1+ { [%clk 0:29] } Kg5 { [%clk 0:01.09] }
59. Be3+ { [%clk 0:29] } Kf6 { [%clk 0:00.55] } 60. Bg4 { [%clk 0:25] } Qa3 {
[%clk 0:01.01] } 61. Rxf5+ { [%clk 0:24] } Kg6 { [%clk 0:01.30] } 62. Rg5+ {
[%clk 0:23] } Kf6 { [%clk 0:01.56] } 63. Bd1 { [%clk 0:23] } Qd6+ { [%clk
0:01.44] } 64. Kc1 { [%clk 0:12.32] } Qd3 { [%clk 0:01.52] } 65. Rg3 { [%clk
0:12.48] } Qxc3+ { [%clk 0:02.17] } 66. Kb1 { [%clk 0:13.13] } Qe1 { [%clk
0:01.14] } 67. Bd4+ { [%clk 0:13.31] } Kf5 { [%clk 0:00.40] } 68. Rg1 { [%clk
0:12.25] } Qd2 { [%clk 0:01.08] } 69. Bb2 { [%clk 0:10.24] } Qf2 { [%clk
0:01.16] } 70. Rh1 { [%clk 0:10.24] } e3 { [%clk 0:01.16] } 71. Bc2+ { [%clk
0:10.37] } Kg4 { [%clk 0:01.35] } 72. Bd4 { [%clk 0:08.43] } b4 { [%clk
0:00.53] } 73. Rd1 { [%clk 0:08.23] } Kf4 { [%clk 0:00.43] } 74. Kb2 { [%clk
0:08.08] } Qg2 { [%clk 0:00.37] } 75. Re1 { [%clk 0:03.41] } e2 { [%clk
0:01.01] } 76. Kc1 { [%clk 0:03.06] } Kf3 { [%clk 0:00.43] } 77. Bd3 { [%clk
0:02.40] } Qg5+ { [%clk 0:00.47] } 78. Kc2 { [%clk 0:02.32] } Qh4 { [%clk
0:00.36] } 79. Bxe2+ { [%clk 0:02.46] } Ke4 { [%clk 0:00.35] } 80. Rd1 { [%clk
0:02.55] } Qh2 { [%clk 0:00.35] } 81. Rd2 { [%clk 0:03.17] } Qc7+ { [%clk
0:01.03] } 82. Bc4 { [%clk 0:03.34] } a5 { [%clk 0:01.26] } 83. Bb2 { [%clk
0:03.05] } Ke3 { [%clk 0:01.42] } 84. Re2+ { [%clk 0:03.23] } Kf3 { [%clk
0:02.06] } 85. Re1 { [%clk 0:01.41] } a4 { [%clk 0:02.06] } 86. Bc1 { [%clk
0:00.55] } Qh7+ { [%clk 0:02.07] } 87. Bd3 { [%clk 0:01.02] } Qc7+ { [%clk
0:02.18] } 88. Kb1 { [%clk 0:00.51] } a3 { [%clk 0:01.28] } 89. Be4+ { [%clk
0:01.07] } Kf2 { [%clk 0:01.47] } 90. Re3 { [%clk 0:01.27] } Qd6 { [%clk
0:01.39] } 91. Bc2 { [%clk 0:01.50] } Qd4 { [%clk 0:01.31] } 92. Re4 { [%clk
0:02.15] } Qc3 { [%clk 0:01.53] } 93. Rc4 { [%clk 0:02.38] } Qe1 { [%clk
0:02.17] } 94. Rf4+ { [%clk 0:02.49] } Kg2 { [%clk 0:02.29] } 95. Bd3 { [%clk
0:02.18] } Kh2 { [%clk 0:01.03] } 96. Rg4 { [%clk 0:02.07] } Qd1 { [%clk
0:01.05] } 97. Bf5 { [%clk 0:02.26] } Qe1 { [%clk 0:01.19] } 98. Rg5 { [%clk
0:01.48] } Kh1 { [%clk 0:01.16] } 99. Bd3 { [%clk 0:01.50] } Kh2 { [%clk
0:01.31] } 100. Rc5 { [%clk 0:01.52] } Kg3 { [%clk 0:01.14] } 101. Rc4 { [%clk
0:02.14] } Kh2 { [%clk 0:00.58] } 102. Kc2 { [%clk 0:02.30] } Kg2 { [%clk
0:00.57] } 103. Be4+ { [%clk 0:02.30] } Kg3 { [%clk 0:01.00] } 104. Kd3 {
[%clk 0:02.33] } Qd1+ { [%clk 0:00.57] } 105. Bd2 { [%clk 0:02.42] } Qb1+ {
[%clk 0:00.54] } 106. Rc2 { [%clk 0:03.08] } Qf1+ { [%clk 0:01.14] } 107. Kd4
{ [%clk 0:03.26] } Qf6+ { [%clk 0:01.04] } 108. Kc4 { [%clk 0:03.05] } Qe6+ {
[%clk 0:01.24] } 109. Kd4 { [%clk 0:02.12] } Qf6+ { [%clk 0:01.47] } 110. Kd3
{ [%clk 0:01.55] } Qf1+ { [%clk 0:02.07] } 111. Kd4 1/2-1/2

[Event "I Sunway Sitges International Chess Festival - Group A"]
[Site "Sitges (Barcelona)"]
[Date "2014.12.14"]
[Round "1.7"]
[White "Narciso Dublan, Marc"]
[Black "Ayas Fernandez, Antonio"]
[Result "1-0"]
[WhiteElo "2515"]
[BlackElo "2265"]
[PlyCount "0"]
[EventDate "2014.12.14"]

1. d4 { [%clk 1:30] } e6 { [%clk 1:30] } 2. c4 { [%clk 1:30] } Nf6 { [%clk
1:30] } 3. Nc3 { [%clk 1:31] } Bb4 { [%clk 1:30] } 4. Qc2 { [%clk 1:31] } O-O
{ [%clk 1:30] } 5. a3 { [%clk 1:31] } Bxc3+ { [%clk 1:30] } 6. Qxc3 { [%clk
1:31] } b6 { [%clk 1:30] } 7. Nf3 { [%clk 1:31] } Bb7 { [%clk 1:29] } 8. Bg5 {
[%clk 1:32] } d6 { [%clk 1:29] } 9. Nd2 { [%clk 1:32] } h6 { [%clk 1:27] } 10.
Bh4 { [%clk 1:31] } Nbd7 { [%clk 1:27] } 11. f3 { [%clk 1:31] } c5 { [%clk
1:26] } 12. e4 { [%clk 1:30] } cxd4 { [%clk 1:16] } 13. Qxd4 { [%clk 1:31] }
Qe7 { [%clk 1:17] } 14. Be2 { [%clk 1:26] } Rfd8 { [%clk 1:13] } 15. O-O {
[%clk 1:25] } e5 { [%clk 0:46] } 16. Qe3 { [%clk 1:15] } g5 { [%clk 0:46] } 17.
Bf2 { [%clk 1:15] } Nf8 { [%clk 0:45] } 18. Rfd1 { [%clk 1:06] } Ne6 { [%clk
0:43] } 19. Nf1 { [%clk 1:03] } Nh5 { [%clk 0:38] } 20. Qd2 { [%clk 0:42] } Rd7
{ [%clk 0:29] } 21. Rac1 { [%clk 0:33] } Nhf4 { [%clk 0:23] } 22. Ng3 { [%clk
0:33] } Rad8 { [%clk 0:17.41] } 23. Bf1 { [%clk 0:28] } Ng7 { [%clk 0:15.30] }
24. a4 { [%clk 0:25] } h5 { [%clk 0:13.21] } 25. a5 { [%clk 0:24] } bxa5 {
[%clk 0:12.17] } 26. Qxa5 { [%clk 0:19.06] } h4 { [%clk 0:11.16] } 27. Ne2 {
[%clk 0:19.19] } Nxe2+ { [%clk 0:10.25] } 28. Bxe2 { [%clk 0:19.45] } Ne6 {
[%clk 0:10.33] } 29. h3 { [%clk 0:16.19] } Rf8 { [%clk 0:05.58] } 30. Qd2 {
[%clk 0:10.56] } Rfd8 { [%clk 0:03.01] } 31. Bxa7 { [%clk 0:06.40] } Bxe4 {
[%clk 0:01.33] } 32. Bb6 { [%clk 0:06.53] } Bc6 { [%clk 0:01.28] } 33. Bxd8 {
[%clk 0:07.01] } Qxd8 { [%clk 0:01.46] } 34. Qe3 { [%clk 0:06.26] } f5 { [%clk
0:01.06] } 35. b4 { [%clk 0:05.25] } f4 { [%clk 0:00.56] } 36. Qf2 { [%clk
0:05.22] } Ng7 { [%clk 0:00.41] } 37. b5 { [%clk 0:03.36] } Bb7 { [%clk
0:00.47] } 38. c5 { [%clk 0:03.22] } dxc5 { [%clk 0:00.49] } 39. Qxc5 { [%clk
0:03.31] } e4 { [%clk 0:00.40] } 40. fxe4 { [%clk 0:02.49] } Bxe4 { [%clk
0:00.44] } 41. Qc4+ { [%clk 0:02.57] } Bd5 { [%clk 0:00.37] } 42. Rxd5 1-0

[Event "I Sunway Sitges International Chess Festival - Group A"]
[Site "Sitges (Barcelona)"]
[Date "2014.12.14"]
[Round "1.8"]
[White "Benet Catala, Antonio"]
[Black "Delorme, Axel"]
[Result "0-1"]
[WhiteElo "2245"]
[BlackElo "2502"]
[PlyCount "0"]
[EventDate "2014.12.14"]

1. e4 e5 2. Nf3 Nc6 3. Nc3 g6 4. d4 exd4 5. Nxd4 Bg7 6. Be3 Nf6 7. Nxc6 bxc6 8.
Bc4 Qe7 9. O-O O-O 10. Bg5 Qe5 11. Bxf6 Qxf6 12. Qd3 Rb8 13. Rab1 d6 14. Rfe1
Be6 15. Bb3 Rb6 16. Na4 Rb5 17. Nc3 Rh5 18. Ne2 Rh4 19. c3 Qe5 20. Ng3 Rf4 21.
Nf1 Qf6 22. Qe3 c5 23. Rbd1 c4 24. Ba4 Rb8 25. Re2 Rb6 26. Qd2 Ra6 27. e5 dxe5
28. Qd8+ Bf8 29. b3 Qxd8 30. Rxd8 Ra5 31. Nd2 Kg7 32. g3 Rf5 33. f3 Be7 34. Re8
Bd6 35. Kg2 cxb3 36. axb3 Rd5 37. Bc6 Rc5 38. Be4 Rf6 39. c4 Ra5 40. Bc6 Ra2
41. Kf2 Bc5+ 42. Kf1 Bh3+ 0-1